Welcome to CU Library Online Public Access Catalogue (OPAC)

Marriage & divorce / (Record no. 2089)

MARC details
000 -LEADER
fixed length control field 00629cam a2200217 a 4500
001 - CONTROL NUMBER
control field 12952741
005 - DATE AND TIME OF LATEST TRANSACTION
control field 20241212094541.0
008 - FIXED-LENGTH DATA ELEMENTS--GENERAL INFORMATION
fixed length control field 020904s2002 ii bl 001 0 eng
020 ## - INTERNATIONAL STANDARD BOOK NUMBER
International Standard Book Number 8171771432
050 00 - LIBRARY OF CONGRESS CALL NUMBER
Classification number KNS543
Item number .S24 2002
082 00 - DEWEY DECIMAL CLASSIFICATION NUMBER
Classification number 346.5401/6
Edition information 21
100 1# - MAIN ENTRY--PERSONAL NAME
Personal name Saha, Amar Nath.
245 10 - TITLE STATEMENT
Title Marriage & divorce /
Statement of responsibility, etc. A.N. Saha.
250 ## - EDITION STATEMENT
Edition statement 6h ed. /
Remainder of edition statement by M.N. Das.
260 ## - PUBLICATION, DISTRIBUTION, ETC.
Place of publication, distribution, etc. Kolkata :
Name of publisher, distributor, etc. Eastern Law House,
Date of publication, distribution, etc. 2002.
300 ## - PHYSICAL DESCRIPTION
Extent 96, 1179 p. ;
Dimensions 24 cm.
650 #0 - SUBJECT ADDED ENTRY--TOPICAL TERM
Topical term or geographic name entry element Marriage law
Geographic subdivision India.
650 #0 - SUBJECT ADDED ENTRY--TOPICAL TERM
Topical term or geographic name entry element Divorce
General subdivision Law and legislation
Geographic subdivision India.
700 1# - ADDED ENTRY--PERSONAL NAME
Personal name Das, Manindra Nath,
Dates associated with a name 1918-
942 ## - ADDED ENTRY ELEMENTS (KOHA)
Source of classification or shelving scheme Library of Congress Classification
Koha item type Books
Edition 6th ed.
Suppress in OPAC No
999 ## -
-- 2089
-- 2089
Holdings
Withdrawn status Lost status Source of classification or shelving scheme Damaged status Not for loan Collection Home library Current library Shelving location Date acquired Total checkouts Full call number Barcode Date last seen Copy number Price effective from Koha item type
    Library of Congress Classification     Non-fiction Law Library (Christ Temple) Law Library (Christ Temple) General stacks 01/21/2025   KNS543.S24 SAH LLCT00000224 01/21/2025 2 01/21/2025 Books
    Library of Congress Classification     Non-fiction Law Library (Christ Temple) Law Library (Christ Temple) General stacks 01/21/2025   KNS543.S24 SAH LLCT00000225 01/21/2025 3 01/21/2025 Books
    Library of Congress Classification     Non-fiction Law Library (Miotso) Law Library (Miotso) General stacks 12/12/2024   KN543.S24 SAH llm00001376 12/12/2024 1 12/12/2024 Books
© 2023-2024 Copyright: Central University Libraries. All Rights Reserved | Created by: Mahone Tech Office